|
|
|
|
| LEADER |
00000nam0a2200000 4500 |
| 001 |
207351 |
| 005 |
20231101225408.0 |
| 010 |
|
|
|a 9785856381565
|
| 035 |
|
|
|a (RuTPU)RU\TPU\book\226167
|
| 090 |
|
|
|a 207351
|
| 100 |
|
|
|a 20120124d2011 k y0rusy50 ca
|
| 101 |
0 |
|
|a rus
|
| 102 |
|
|
|a RU
|
| 105 |
|
|
|a a z 001zy
|
| 200 |
1 |
|
|a Электронная информация, библиотеки и общество: что нам ждать от нового десятилетия информационного века?
|e ежегодный доклад конференции "Крым", год 2011
|f Я. Л. Шрайберг
|
| 210 |
|
|
|a Москва
|a Судак
|c Изд-во ГПНТБ
|d 2011
|
| 215 |
|
|
|a 80 с.
|c ил.
|
| 320 |
|
|
|a Библиогр.: с. 77-80.
|
| 606 |
1 |
|
|a Библиотечное дело
|x Информационные технологии
|2 stltpush
|3 (RuTPU)RU\TPU\subj\68653
|9 83846
|
| 610 |
1 |
|
|a электронные библиотеки
|
| 610 |
1 |
|
|a электронные документы
|
| 610 |
1 |
|
|a электронные книги
|
| 610 |
1 |
|
|a ИТ-рынки
|
| 610 |
1 |
|
|a Интернет
|
| 610 |
1 |
|
|a социальные коммуникации
|
| 610 |
1 |
|
|a библиотечные технологии
|
| 610 |
1 |
|
|a оцифровка
|
| 610 |
1 |
|
|a библиотечные сети
|
| 610 |
1 |
|
|a авторское право
|
| 610 |
1 |
|
|a доклады
|
| 686 |
|
|
|a Ч738л0
|v LBC/SL-A
|2 rubbk
|
| 700 |
|
1 |
|a Шрайберг
|b Я. Л.
|g Яков Леонидович
|
| 712 |
1 |
2 |
|a Крым
|b международная конференция
|e г. Судак
|f 2011г.
|
| 801 |
|
1 |
|a RU
|b 63413507
|c 20120124
|
| 801 |
|
2 |
|a RU
|b 63413507
|c 20220714
|g RCR
|
| 942 |
|
|
|c BK
|
| 959 |
|
|
|a 2/20120123
|d 1
|e 0,00
|f НМО:1
|